Advanced Accounting (Record no. 4983)

MARC details
000 -LEADER
fixed length control field 00379nam a2200145Ia 4500
008 - FIXED-LENGTH DATA ELEMENTS--GENERAL INFORMATION
fixed length control field 230312s9999||||xx |||||||||||||| ||und||
082 ## - DEWEY DECIMAL CLASSIFICATION NUMBER
Classification number 657
Item number ARI-A
100 ## - MAIN ENTRY--PERSONAL NAME
Personal name Arif M.
245 #0 - TITLE STATEMENT
Title Advanced Accounting
260 ## - PUBLICATION, DISTRIBUTION, ETC.
Name of publisher, distributor, etc. Munir ahmad
Place of publication, distribution, etc. Lahore
300 ## - PHYSICAL DESCRIPTION
Extent 683
546 ## - LANGUAGE NOTE
Language note Eng.
650 ## - SUBJECT ADDED ENTRY--TOPICAL TERM
Topical term or geographic name entry element Accounting
Form subdivision Joint Stock Company -Introduction.Bonus Issue and Right Issue
942 ## - ADDED ENTRY ELEMENTS (KOHA)
Koha item type BOOK
Holdings
Withdrawn status Lost status Source of classification or shelving scheme Damaged status Not for loan Home library Current library Date acquired Total Checkouts Full call number Barcode Date last seen Price effective from Koha item type
    Dewey Decimal Classification     Superior Information Resource Center (SIRC) Superior University- Central Library Superior Information Resource Center (SIRC) Superior University- Central Library 03/13/2023   657 ARI-A 5044 03/13/2023 03/13/2023 BOOK

Powered by Koha